| 000 | 01016nam a22003017a 4500 | ||
|---|---|---|---|
| 003 | EG-ScBUE | ||
| 005 | 20220525102201.0 | ||
| 008 | 200219s2001 enka f d 000 0 eng d | ||
| 020 | _a9780333917404 | ||
| 020 | _a0333917405 | ||
| 040 |
_aEG-ScBUE _beng _erda _cEG-ScBUE _dEG-ScBUE |
||
| 082 | 0 | 4 |
_a428.24 _bJON _222 |
| 100 | 1 |
_aJones, Ceri, _d1965- _eauthor. |
|
| 245 | 1 | 0 |
_aInside out, _pStudent's book / _cCeri Jones, Tania Bastow with Jon Hird. |
| 246 | 3 | 4 |
_aInside out : _pStudent's book, _pAdvanced |
| 264 | 1 |
_aOxford : _bMacmillan Education, _c2001. |
|
| 300 |
_a160 pages : _bcolor illustrations ; _c28 cm |
||
| 336 |
_2rdacontent _atext _btxt |
||
| 337 |
_2rdamedia _aunmediated _bn |
||
| 338 |
_2rdacarrier _avolume _bnc |
||
| 500 | _aIncludes glossary. | ||
| 650 | 7 |
_aEnglish language _xStudy and teaching _xForeign speakers. _2BUEsh |
|
| 653 |
_bHHUUEENN _cAugust2021 |
||
| 655 |
_vReading book _934232 |
||
| 700 | 1 |
_aBastow, Tania, _eauthor. |
|
| 700 | 1 |
_aHird, Jon, _eauthor. _934681 |
|
| 942 |
_2ddc _cBB |
||
| 999 |
_c29350 _d29321 |
||